Native women changing their worlds / Patricia J. ... Read More
Available copies
- 2 of 2 copies available at LARL/NWRL Consortium.
- 2 of 2 copies available at Lake Agassiz Regional Library. (Show preferred library)
Current holds
0 current holds with 2 total copies.
Show Only Available Copies
| Location | Call Number / Copy Notes | Barcode | Shelving Location | Status | Due Date |
|---|---|---|---|---|---|
| Barnesville Public Library | J 305.4889 CUT (Text) | 33500013431069 | Main | Available | - |
| Mahnomen Public Library | J 305.4889 CUT (Text) | 33500013431051 | Main | Available | - |
Record details
- ISBN: 9781939053329
- ISBN: 1939053323
- ISBN: 9781713762027
- ISBN: 1713762021
- Physical Description: 117 pages : illustrations ; 23 cm
- Publisher: Summertown, TN : 7th Generation Native Voices, [2021]
- Copyright: ©2021
Content descriptions
| Bibliography, etc. Note: | Includes bibliographical references (pages ... Read More |
| Formatted Contents Note: | Introduction -- Ashley Callingbull Burnham: Enoch ... Read More |
| Summary, etc.: | "Twelve biographies of Indigenous women who, as ... Read More |
| Target Audience Note: | Ages 12 7th Generation. Grades 7-9 7th Generation. |
Search for related items by subject
| Genre: | Young adult nonficiton. Biographies. Juvenile works. Biographies. |
Search for related items by series
| LDR | 05584cam a22011178i 4500 | ||
|---|---|---|---|
| 001 | 366188 | ||
| 003 | LARL_NWRL_CONSORTIUM | ||
| 005 | 20210802201427.0 | ||
| 008 | 210330t20212021tnua j b 000 0ceng | ||
| 010 | . | ‡a 2021006701 | |
| 040 | . | ‡aAzTeS/DLC ‡beng ‡erda ‡cDLC ‡dOCLCO ‡dOCLCF ‡dGO6 ‡dGZD ‡dOCLCO ‡dIHE ‡dILC ‡dOCLCO ‡dNOQ ‡dOCL ‡dOCLCO | |
| 019 | . | ‡a1253375665 ‡a1259521557 | |
| 020 | . | ‡a9781939053329 ‡q(paperback) | |
| 020 | . | ‡a1939053323 | |
| 020 | . | ‡z9781939053541 ‡q(epub) | |
| 020 | . | ‡a9781713762027 ‡q(Follett bdg.) | |
| 020 | . | ‡a1713762021 ‡q(Follett bdg.) | |
| 035 | . | ‡a(OCoLC)1242950001 ‡z(OCoLC)1253375665 ‡z(OCoLC)1259521557 | |
| 042 | . | ‡apcc | |
| 082 | 0 | 0. | ‡a305.48/897 ‡223 |
| 100 | 1 | . | ‡aCutright, Patricia J., ‡eauthor. |
| 245 | 1 | 0. | ‡aNative women changing their worlds / ‡cPatricia J. Cutright. |
| 264 | 1. | ‡aSummertown, TN : ‡b7th Generation Native Voices, ‡c[2021] | |
| 264 | 4. | ‡c©2021 | |
| 300 | . | ‡a117 pages : ‡billustrations ; ‡c23 cm | |
| 336 | . | ‡atext ‡btxt ‡2rdacontent | |
| 337 | . | ‡aunmediated ‡bn ‡2rdamedia | |
| 338 | . | ‡avolume ‡bnc ‡2rdacarrier | |
| 385 | . | ‡mAge group ‡aEarly Adolescents ‡2ericd | |
| 490 | 0 | . | ‡aNative trailblazers |
| 504 | . | ‡aIncludes bibliographical references (pages 104-115). | |
| 505 | 0 | . | ‡aIntroduction -- Ashley Callingbull Burnham: Enoch Cree Nation -- Henrietta Mann, PhD: Southern Cheyenne -- Ruth Anna Buffalo: Mandan, Hidatsa, and Arikara Nation -- Elouise Pepion Cobell: Blackfeet -- Loriene Roy, PhD: Anishinabe, White Earth Reservation -- Sharice Lynette Davids: Ho-Chunk Nation -- Robert Jamieson: Kanyen'kehà:ka, Six Nations of the Grand River Territory -- Deb Haaland: Pueblo of Laguna -- Elsie Marie Knott: Mississauga Ojibwe -- Mary Golda Ross: Cherokee -- Heather Dawn Thompson: Lakota, Cheyenne River Sioux -- Emily Washines: Yakama Nation with Cree and Skokomish lineage. |
| 520 | . | ‡a"Twelve biographies of Indigenous women who, as modern-day warriors, have infused their communities with strength and leadership. The women overcame unimaginable hardships--racial and gender discrimination, abuse, and extreme poverty--only to rise to great heights in the fields of politics, science, education, and community activism"-- ‡cProvided by publisher. | |
| 521 | . | ‡aAges 12 ‡b7th Generation. | |
| 521 | . | ‡aGrades 7-9 ‡b7th Generation. | |
| 650 | 0. | ‡aIndian women activists ‡vBiography ‡vJuvenile literature. | |
| 650 | 0. | ‡aIndian activists ‡vBiography ‡vJuvenile literature. | |
| 650 | 0. | ‡aIndian women ‡xPolitical activity ‡y21st century ‡vJuvenile literature. | |
| 650 | 0. | ‡aIndians of North America ‡xCivil rights ‡y21st century ‡vJuvenile literature. | |
| 650 | 0. | ‡aEthnic relations ‡vJuvenile literature. | |
| 650 | 0. | ‡aRace discrimination ‡xPolitical aspects ‡vJuvenile literature. | |
| 650 | 0. | ‡aSex discrimination against women ‡xPolitical aspects ‡vJuvenile literature. | |
| 650 | 0. | ‡aWomen political activists ‡y21st century ‡vJuvenile literature. | |
| 650 | 0. | ‡aPolitical activists ‡y21st century ‡vJuvenile literature. | |
| 650 | 0. | ‡aWomen ‡vBiography ‡vJuvenile literature. | |
| 650 | 0. | ‡aIndian women activists ‡vBiography. | |
| 650 | 0. | ‡aIndian activists ‡vBiography. | |
| 650 | 0. | ‡aIndian women ‡xPolitical activity ‡y21st century. | |
| 650 | 0. | ‡aIndians of North America ‡xCivil rights ‡y21st century. | |
| 650 | 0. | ‡aEthnic relations. ‡0(LARL_NWRL_CONSORTIUM)19621 | |
| 650 | 0. | ‡aRace discrimination ‡xPolitical aspects. | |
| 650 | 0. | ‡aSex discrimination against women ‡xPolitical aspects. | |
| 650 | 0. | ‡aWomen political activists ‡y21st century. | |
| 650 | 0. | ‡aPolitical activists ‡y21st century. | |
| 650 | 0. | ‡aWomen ‡vBiography. ‡0(LARL_NWRL_CONSORTIUM)34555 | |
| 650 | 7. | ‡aWomen political activists. ‡2fast ‡0(LARL_NWRL_CONSORTIUM)37141 | |
| 650 | 7. | ‡aWomen. ‡2fast ‡0(LARL_NWRL_CONSORTIUM)34553 | |
| 650 | 7. | ‡aRace discrimination ‡xPolitical aspects. ‡2fast | |
| 650 | 7. | ‡aPolitical activists. ‡2fast ‡0(LARL_NWRL_CONSORTIUM)36768 | |
| 650 | 7. | ‡aIndians of North America ‡xCivil rights. ‡2fast ‡0(LARL_NWRL_CONSORTIUM)22906 | |
| 650 | 7. | ‡aIndian women ‡xPolitical activity. ‡2fast | |
| 650 | 7. | ‡aIndian activists. ‡2fast ‡0(LARL_NWRL_CONSORTIUM)40992 | |
| 650 | 7. | ‡aEthnic relations. ‡2fast ‡0(LARL_NWRL_CONSORTIUM)19621 | |
| 650 | 7. | ‡aIndian women activists. ‡2fast | |
| 650 | 1. | ‡aIndian women activists. | |
| 650 | 1. | ‡aNative American women ‡zNorth America. | |
| 650 | 1. | ‡aWomen activists. | |
| 650 | 1. | ‡aWomen. ‡0(LARL_NWRL_CONSORTIUM)34553 | |
| 650 | 1. | ‡aActivists. | |
| 650 | 7. | ‡aNative American women ‡zNorth America ‡vBiography. ‡2sears | |
| 650 | 7. | ‡aWomen activists ‡vBiography. ‡2sears | |
| 650 | 7. | ‡aWomen ‡vBiography. ‡2sears ‡0(LARL_NWRL_CONSORTIUM)34555 | |
| 650 | 7. | ‡aActivists ‡vBiography. ‡2sears | |
| 648 | 7. | ‡a2000-2099 ‡2fast | |
| 655 | 7. | ‡aYoung adult nonficiton. ‡2lcgft | |
| 655 | 7. | ‡aBiographies. ‡2fast | |
| 655 | 7. | ‡aJuvenile works. ‡2fast | |
| 655 | 7. | ‡aBiographies. ‡2lcgft | |
| 700 | 1 | . | ‡aBurnham, Ashley Callingbull. |
| 700 | 1 | . | ‡aMann, Henrietta, ‡d1934- |
| 700 | 1 | . | ‡aBuffalo, Ruth Anna. |
| 700 | 1 | . | ‡aCobell, Elouise. |
| 700 | 1 | . | ‡aRoy, Loriene. |
| 700 | 1 | . | ‡aDavids, Sharice Lynnette. |
| 700 | 1 | . | ‡aJamieson, Roberta. |
| 700 | 1 | . | ‡aHaaland, Debra A., ‡d1960- |
| 700 | 1 | . | ‡aKnott, Elsie Marie. |
| 700 | 1 | . | ‡aRoss, Mary Golda, ‡d1908-2008. |
| 700 | 1 | . | ‡aThompson, Heather Dawn. |
| 700 | 1 | . | ‡aWashines, Emily. |
| 776 | 0 | 8. | ‡iOnline version: ‡aCutright, Patricia J. ‡tNative women changing their worlds ‡dSummertown, TN : 7th Generation, [2021] ‡z9781939053541 ‡w(DLC) 2021006702 |
| 901 | . | ‡a366188 ‡bOCoLC ‡c366188 ‡tbiblio ‡soclc | |

Add to basket
Permalink
Disable Highlighting